El cáncer (Record no. 143744)

MARC details
000 -LEADER
campo de control de longitud fija 00596nam a2200205 4500
001 - NÚMERO DE CONTROL
campo de control 143744
003 - IDENTIFICADOR DE NÚMERO DE CONTROL
campo de control ES-MaACL
005 - FECHA Y HORA DE LA ÚLTIMA TRANSACCIÓN
campo de control 20250807062548.0
007 - CAMPO FIJO DE DESCRIPCIÓN FÍSICA--INFORMACIÓN GENERAL
campo de control de longitud fija t|
008 - DATOS DE LONGITUD FIJA--INFORMACIÓN GENERAL
campo de control de longitud fija 070214n19501959sp r ||||1| spa d
100 1# - ENTRADA PRINCIPAL--NOMBRE DE PERSONA
Nombre de persona Severon, Argimiro.
9 (RLIN) 105926
245 13 - MENCIÓN DEL TÍTULO
Título El cáncer
Resto del título : sus causas, su prevención /
Mención de responsabilidad, etc. Dr. A. Severon.
260 ## - PUBLICACIÓN, DISTRIBUCIÓN, ETC.
Lugar de publicación, distribución, etc. Valencia :
Nombre del editor, distribuidor, etc. Pastor,
Fecha de publicación, distribución, etc. [195_?]
300 ## - DESCRIPCIÓN FÍSICA
Extensión 85 p. ;
Dimensiones 17 cm.
650 #4 - PUNTO DE ACCESO ADICIONAL DE MATERIA--TÉRMINO DE MATERIA
9 (RLIN) 10720
Término de materia o nombre geográfico como elemento de entrada Cáncer
Subdivisión general Prevención
650 #7 - PUNTO DE ACCESO ADICIONAL DE MATERIA--TÉRMINO DE MATERIA
Término de materia o nombre geográfico como elemento de entrada Medicina
Fuente del encabezamiento o término embne
9 (RLIN) 14891
852 ## - LOCALIZACIÓN
Ubicación ES-MaACL
Sublocalización o colección R.42499
Número de control de estantería C-15216
itemnumber 148935
Ubicación en estantería Ficheros
942 ## - ELEMENTOS DE ENTRADA SECUNDARIOS (KOHA)
Fuente del sistema de clasificación o colocación Clasificación decimal universal
Tipo de ítem Koha Libro impreso
Holdings
Estatus retirado Estado de pérdida Fuente del sistema de clasificación o colocación Estado de daño No para préstamo Biblioteca de origen Biblioteca actual Ubicación en estantería Fecha de adquisición Total de préstamos Signatura topográfica completa Código de barras Visto por última vez Precio de reemplazo Tipo de ítem Koha
    Clasificación decimal universal     Biblioteca del Ateneo de Madrid Biblioteca del Ateneo de Madrid Ficheros 17/01/2008   C-15216 1149553 23/02/2023 23/02/2023 Libro impreso